| 000 | 00874nam a2200301 a 4500 | ||
|---|---|---|---|
| 001 | 000020109 | ||
| 003 | DO-SdBNP | ||
| 005 | 20220713114456.0 | ||
| 007 | 000020109 | ||
| 008 | 100721s2000 dr 000 f spa d | ||
| 020 | _a8481302066 | ||
| 040 |
_aBPMSU _bspa _cBPMSU |
||
| 041 | 1 | 7 | _aspa |
| 082 | 4 |
_a823.914 _bG619s 2000 _222 |
|
| 100 | 1 |
_aGolding, William, _d1911-1993 |
|
| 240 | 1 | 0 |
_a _lEspañol |
| 245 | 1 | 3 |
_aEl señor de las moscas / _cWilliam Golding; traducción de Carles Serrat Mulà. |
| 260 |
_aSanto Domingo : _bEl Siglo, _c2000. |
||
| 300 |
_a198 p. ; _c21 cm. |
||
| 490 | 1 |
_aJoyas del milenio, _v21 |
|
| 534 |
_aTítulo original: _t Lord of the files _c |
||
| 590 | _6Inventariado, 2022/VM | ||
| 650 | 4 | _aNovela inglesa | |
| 650 | 4 | _aLiteratura inglesa | |
| 700 | 1 |
_aCarles Serrat Mulà, _etraductor |
|
| 910 | _aVMateo V. | ||
| 942 |
_2ddc _cBK |
||
| 999 |
_c7781 _d7781 |
||